000 00626nam a2200217Ia 4500
001 5381
003 AR-BaAGN
005 20231117103537.0
007 ta
008 211213s1929 ag |||||||||||||| ||spa d
040 _dAR-BaAGN
_aAR-BaAGN
_bspa
_eaacr
100 1 _aCané, Miguel,
_d1851-1905
_95594
245 1 0 _aEsther /
_cMiguel Cané
260 _aBuenos Aires :
_bImprenta de la Universidad,
_c1929.
300 _a322 páginas
336 _2rdacontent
_btxt
337 _2rdamedia
_bn
338 _2rdacarrier
_bnc
490 _aInstituto de Literatura Argentina. Sección de documentos. Serie 4 ;
_vtomo 1, 7
942 _cLIBRO
999 _c5381
_d5381